00552pab a2200181 454500008004000000100002200040245005400062260000900116300001600125362001100141650003400152650001200186773003400198908000600232909001000238999001700248952010500265180718b2007 xxu||||| |||| 00| 0 eng d aPatel, Shirish B. aUnstated premises of Maharashtra's housing policy c2007 ap.3359-364. a18 Aug aHousing - India - Maharashtra aHousing aEconomic and Political Weekly aN a75765 c75765d75765 00104070aIIPAbIIPAd2018-07-19hVolume no: 42, Issue no: 33pAR76225r2018-07-19w2018-07-19yAR